| 000 | 00924cab a2200277 4500 | ||
|---|---|---|---|
| 001 | WB3501-43 | ||
| 008 | 090401t1999 xxu||||| |||| 00| 0 eng d | ||
| 035 | _a(Sirsi) u90555 | ||
| 041 | _aeng | ||
| 245 | _aScottish land reform | ||
| 260 | _c1999 | ||
| 350 | _a0 | ||
| 490 |
_aTimes _v30 December 1998, 2 and 25, 6 January 1999, 8 |
||
| 490 |
_aScotsman _v4 and 5 January 1999, 4 and 5 |
||
| 490 |
_aHerald _v4 and 5 January 1999, 9 and 13 |
||
| 490 |
_aDaily Telegraph _v6 January 1999, 12(9) |
||
| 520 | _aProposals for wide-ranging reform of land ownership rules in Scotland include the compulsory purchase of mismanaged estates, the abolition of the feudal system, and a public register of land ownership. | ||
| 650 |
_aCompulsory purchase _96228 |
||
| 650 | _aFEUDAL SYSTEM | ||
| 650 | _aLAIRDS | ||
| 650 | _aLAND REFORM | ||
| 650 | _aSCOTLAND | ||
| 690 | _aLAND | ||
| 942 | _n0 | ||
| 948 | _c06/01/1999 | ||
| 999 |
_c57421 _d57421 |
||